• 首页
  • 本馆介绍
  • 公告通知
  • 最新文献
  • 馆藏检索
  • 电子资源
  • 读者导购
  • 参考咨询
  • 我的图书馆
  • 登录
  • 详细信息显示
  • 放入我的书架
  • 预约/预借图书
  • 作者相关作品
  • 分类相关作品
  • 丛书相关作品
  • 出版社相关作品

书目信息

  • 表格格式
  • 工作单格式
  • 卡片格式
题名:
环境学词典
    
 
作者: 方如康 主编
分册:  
出版信息: 北京   科学出版社  2003
页数: 42,901页
开本: 21cm
丛书名: 科学版词典系列
单 册:
中图分类: X-61
科图分类:
主题词: 环境科学--词典 , 环境科学
电子资源:
ISBN: 7-03-010801-9
000 00865nam0 2200265 450
001 002446769
005 20070805145914.93
010    @a7-03-010801-9@dCNY72.00
100    @a20030908d2003 kemy0chiy0110 ea
101 0  @achi
102    @aCN@b110000
105    @ay e 001yy
106    @ar
200 1  @a环境学词典@Ahuan jing xue ci dian@f方如康主编@Ffang ru kang zhu bian
210    @a北京@c科学出版社@d2003
215    @a42,901页@d21cm
225 1  @a科学版词典系列@Ake xue ban ci dian xi lie
330    @a本词典内容涉及环境学总论、环境地学、环境生物学、环境物理学等环境科学各个方面的词条近4000条。词条均为中英文对照,配有简明释义。
510 1  @aDictionary of Environmental Science@zeng
606 0  @a环境科学@j词典
606 0  @a环境科学
690    @aX-61@v4
701  0 @a方如康@Afang ru kang@4主编
801  0 @aCN@bNLC@c20070805
905    @dX-61@e149@f1
    
    环境学词典/方如康主编.-北京:科学出版社,2003
    42,901页;21cm.-(科学版词典系列)
    
    
    ISBN 7-03-010801-9:CNY72.00
    本词典内容涉及环境学总论、环境地学、环境生物学、环境物理学等环境科学各个方面的词条近4000条。词条均为中英文对照,配有简明释义。
●
相关链接 在E读中查询图书 在五车中查询图书 在当当中查询图书 在豆瓣中查询图书


正题名:环境学词典     索取号:X-61/149         预约/预借

序号 登录号 条形码 馆藏地/架位号 状态 备注
1 0851574   208515748   第二样本阅览室/ [索取号:X-61/149] 在馆    
唐山师范学院图书馆 欢迎您!
大连网信软件有限公司© 版权所有